Normal view
MARC view
- ADAPTIVE NEURAL NETWORKS
Entry Topical Term
001 - CONTROL NUMBER
- control field: 80093
003 - CONTROL NUMBER IDENTIFIER
- control field: NUST
005 - DATE AND TIME OF LATEST TRANSACTION
- control field: 20210628210605.0
008 - FIXED-LENGTH DATA ELEMENTS
- fixed length control field: 210628|| aca||aabn | a|a d
040 ## - CATALOGING SOURCE
- Original cataloging agency: NUST
- Transcribing agency: NUST
150 ## - HEADING--TOPICAL TERM
- Topical term or geographic name entry element: ADAPTIVE NEURAL NETWORKS
670 ## - SOURCE DATA FOUND
- Source citation: Work cat.: (NUST): Walach, Eugene Widrow, Bernard 80092, Adaptive inverse control, 1996
